| 000 | 00642nam a22001815i 4500 | ||
|---|---|---|---|
| 001 | 165637 | ||
| 003 | ES-MaACL | ||
| 005 | 20250703063543.0 | ||
| 008 | 050905s1853 sp a | |||||||| ||spa d | ||
| 040 |
_aCAM _bspa _cCAM |
||
| 100 | 1 |
_aSoulié, Frédéric, _d1800-1847 _9107564 |
|
| 245 | 1 | 3 |
_aEl vizconde de Beziers _b: novela / _cpor Federico Soulié. |
| 260 |
_aMadrid : _b[s.n.], _c1853 ( _fEstablecimiento tipografico de Mellado) |
||
| 300 |
_a138 p., [20] h. de lám. ; _c23 cm. |
||
| 752 |
_aEspaña - _dMadrid |
||
| 852 |
_aES-MaACL _jC-2812(4) _z-- Enc. hol. _z-- Enc. en un vol. facticio |
||
| 999 |
_c165637 _d165637 |
||